Gulf stock exchange crash : the rise and fall of the Souq Al-Manakh (Record no. 71953)

MARC details
000 -LEADER
fixed length control field 00410nam a2200133 4500
020 ## - INTERNATIONAL STANDARD BOOK NUMBER
International Standard Book Number 0709945345
082 ## - DEWEY DECIMAL CLASSIFICATION NUMBER
Classification number 332.642095367
Item number DAR
100 ## - MAIN ENTRY--PERSONAL NAME
Personal name Darwiche, Fida
245 ## - TITLE STATEMENT
Title Gulf stock exchange crash : the rise and fall of the Souq Al-Manakh
Statement of responsibility, etc. by Fida Darwiche
260 ## - PUBLICATION, DISTRIBUTION, ETC.
Place of publication, distribution, etc. London
Name of publisher, distributor, etc. Croom Helm
Date of publication, distribution, etc. c1986
300 ## - PHYSICAL DESCRIPTION
Extent xiii,162p.:fig.,tables; 21cm.
650 ## - SUBJECT ADDED ENTRY--TOPICAL TERM
Topical term or geographic name entry element Stock Exchange-Kuwait
650 ## - SUBJECT ADDED ENTRY--TOPICAL TERM
Topical term or geographic name entry element Souq Al-Manakh
Holdings
Withdrawn status Lost status Damaged status Not for loan Collection code Home library Current library Date acquired Total Checkouts Full call number Barcode Date last seen Price effective from Koha item type
        COMMERCE North Eastern Hill University North Eastern Hill University 25/11/2011   332.642095367 DAR 200296 25/11/2011 25/11/2011 Books